[Event "World-chT Rapid"]
[Site "Dusseldorf"]
[Date "2023.08.26"]
[Round "1.4"]
[White "Atoyan, Alberto"]
[Black "Braeutigam, Katerina"]
[Result "1-0"]
[WhiteElo "1896"]
[BlackElo "1884"]
[PlyCount "99"]
[EventDate "2023.08.26"]
[EventType "team-swiss (rapid)"]
[EventRounds "12"]
[EventCountry "GER"]
[SourceTitle "CBM 215 Extra"]
[Source "ChessBase"]
[SourceDate "2023.09.30"]
[SourceVersion "1"]
[SourceVersionDate "2023.09.30"]
[SourceQuality "1"]
[WhiteTeam "Armenia"]
[BlackTeam "Kiel Doppelbauer"]
[WhiteTeamCountry "ARM"]
[BlackTeamCountry "GER"]

1. e4 c6 2. d4 d5 3. Nc3 dxe4 4. Nxe4 Bf5 5. Ng3 Bg6 6. h4 h6 7. Nf3 Nd7 8. h5 Bh7 9. Bd3 Bxd3 10. Qxd3 e6 11. Bd2 Ngf6 12. 0-0-0 Be7 13. Ne4 Nxe4 14. Qxe4 Nf6 15. Qe2 Qd5 16. c4 Qe4 17. Qxe4 Nxe4 18. Be3 0-0 19. Ne5 Rfd8 20. g4 c5 21. f3 cxd4 22. Rxd4 Ng3 23. Rxd8+ Rxd8 24. Rd1 a6 25. Rxd8+ Bxd8 26. Kd1 f6 27. Nd3 e5 28. Bf2 e4 29. Nc5 Nh1 30. Nxe4 Nxf2+ 31. Nxf2 Kf7 32. Kd2 Ke6 33. Nd3 Be7 34. Ke3 f5 35. Nf4+ Kf7 36. gxf5 Bg5 37. Ke4 Bf6 38. b4 Bc3 39. Nd5 Bb2 40. a4 Ke8 41. b5 Kd7 42. bxa6 bxa6 43. Nb4 a5 44. Nd3 Bc3 45. Kd5 Bd2 46. c5 Be3 47. c6+ Kc7 48. Nc5 Kc8 49. Ne6 Bc1 50. Nxg7 1-0

[Event "Wch U14 rapid"]
[Site "Batumi"]
[Date "2023.06.08"]
[Round "9"]
[White "Atoyan, Alberto"]
[Black "Bazilius, Augustinas"]
[Result "0-1"]
[WhiteElo "1878"]
[BlackElo "2054"]
[PlyCount "124"]
[EventDate "2023.06.06"]
[EventType "swiss (rapid)"]
[EventRounds "11"]
[EventCountry "GEO"]
[SourceTitle "EXT 2024"]
[Source "ChessBase"]
[SourceDate "2023.10.10"]
[SourceVersion "1"]
[SourceVersionDate "2023.10.10"]
[SourceQuality "1"]
[WhiteTeam "Armenia"]
[BlackTeam "Lithuania"]
[WhiteTeamCountry "ARM"]
[BlackTeamCountry "LTU"]

1. e4 c5 2. Nf3 a6 3. c4 Nc6 4. d4 cxd4 5. Nxd4 e5 6. Nc2 Nf6 7. Nc3 Bc5 8. Be3 Bxe3 9. Nxe3 d6 10. Be2 0-0 11. 0-0 Be6 12. Qd2 Rc8 13. b3 Nd4 14. f4 Qa5 15. Bd3 b5 16. Rac1 exf4 17. Rxf4 bxc4 18. Bxc4 Qg5 19. Rcf1 Bxc4 20. Nxc4 Ne6 21. R4f2 Qh5 22. Rf5 Qh4 23. g3 Qg4 24. Qe3 Rcd8 25. Nb6 Nc5 26. Nbd5 Ncxe4 27. R1f4 Nxd5 28. Qxe4 Nxc3 29. Rxg4 Nxe4 30. Rxe4 Rfe8 31. Rd4 Re2 32. Ra5 Rb2 33. Rxa6 Re8 34. Re4 Rc8 35. Rc4 Re8 36. Re4 Rc8 37. Rc6 Ra8 38. Ra4 Re8 39. Re4 Ra8 40. Ra4 Re8 41. Re4 Ra8 42. Rec4 g6 43. Rc8+ Rxc8 44. Rxc8+ Kg7 45. Ra8 Kf6 46. Ra4 Ke5 47. h3 d5 48. Kf1 d4 49. Ra8 Ke4 50. a4 Rxb3 51. Re8+ Kf3 52. a5 d3 53. Re1 Ra3 54. Rd1 Ke3 55. Re1+ Kd2 56. Re5 Kc2 57. Rc5+ Rc3 58. Rd5 Kd2 59. a6 Ra3 60. Rd6 Ke3 61. g4 d2 62. Kg2 Ke2 0-1